|
|
|
|
| LEADER |
01173nam a2200337 a 4500 |
| 001 |
c000322390 |
| 003 |
CARM |
| 005 |
20001003202218.0 |
| 008 |
721222s1972 maua b 000 0 eng |
| 010 |
|
|
|a 72005286 //r84
|
| 019 |
1 |
|
|a 572592
|z 9240110
|5 LACONCORD2021
|
| 020 |
|
|
|a 0669845337 (pbk)
|
| 020 |
|
|
|a 0669845337
|
| 035 |
|
|
|a (OCoLC)539686
|5 LACONCORD2021
|
| 040 |
|
|
|a LC
|b eng
|c LC
|d ANL
|
| 050 |
0 |
0 |
|a D734
|b .C7 1945b
|
| 050 |
|
4 |
|a D734
|b .Y3 1972
|
| 082 |
0 |
4 |
|a 940.53/14
|
| 100 |
1 |
|
|a Fenno, Richard F.,
|d 1926-,
|e ed.
|
| 245 |
0 |
4 |
|a The Yalta Conference.
|c Edited and with an introd. by Richard F. Fenno, Jr.
|
| 250 |
|
|
|a 2d ed.
|
| 260 |
|
|
|a Lexington, Mass.,
|b Heath
|c [1972]
|
| 300 |
|
|
|a xiv, 218 p.
|b illus.
|c 21 cm.
|
| 490 |
0 |
|
|a Problems in American civilization
|
| 504 |
|
|
|a Bibliography: p. 215-218.
|
| 611 |
2 |
0 |
|a Yalta Conference,
|d (1945)
|
| 650 |
|
0 |
|a Yalta Conference (1945)
|
| 700 |
1 |
|
|a Fenno, Richard F.
|
| 852 |
8 |
|
|b CARM
|h A1:AO16B0
|i B08211
|p 0401914
|f BK
|
| 999 |
f |
f |
|i bd7f437e-b925-50c3-a049-42706c706cf7
|s 0e22b179-0192-5eef-92ab-a08d44197a28
|
| 952 |
f |
f |
|p Can circulate
|a CAVAL
|b CAVAL
|c CAVAL
|d CARM 1 Store
|e B08211
|f A1:AO16B0
|h Other scheme
|i book
|m 0401914
|